Abrir una ventana a veces no es sencillo / (Record no. 175733)

MARC details
000 -LEADER
campo de control de longitud fija 01343nam a2200265 i 4500
001 - NÚMERO DE CONTROL
campo de control 175733
003 - IDENTIFICADOR DE NÚMERO DE CONTROL
campo de control ES-MaACL
005 - FECHA Y HORA DE LA ÚLTIMA TRANSACCIÓN
campo de control 20240531102432.0
008 - DATOS DE LONGITUD FIJA--INFORMACIÓN GENERAL
campo de control de longitud fija 101118s1964 sp o |||| | spa d
080 ## - NÚMERO DE LA CLASIFICACIÓN DECIMAL UNIVERSAL
Número de la Clasificación Decimal Universal 821.134.2-14"19"
100 1# - ENTRADA PRINCIPAL--NOMBRE DE PERSONA
Nombre de persona Marco, Joaquín,
Fechas asociadas al nombre 1935-2020
9 (RLIN) 76466
245 10 - MENCIÓN DEL TÍTULO
Título Abrir una ventana a veces no es sencillo /
Mención de responsabilidad, etc. Joaquín Marco .
Resto del título Escrito en las paredes / Carlos Álvarez . Cancionero del sitiado / Julián Andúgar.
250 ## - MENCION DE EDICION
Mención de edición 1ª ed.
260 ## - PUBLICACIÓN, DISTRIBUCIÓN, ETC.
Lugar de publicación, distribución, etc. Barcelona :
Nombre del editor, distribuidor, etc. El Bardo,
Fecha de publicación, distribución, etc. 1964.
300 ## - DESCRIPCIÓN FÍSICA
Extensión 50 p. ;
Dimensiones 19 cm.
490 1# - MENCIÓN DE SERIE
Mención de serie El Bardo, colección de poesía ;
Designación de volumen o secuencia 11
505 8# - NOTA DE CONTENIDO CON FORMATO
Nota de contenido con formato Contiene: Tres poemas / Ángel González ; Gedichte von Bertolt Brecht / con traducciones de Hans Leopold Davi ; Nota necrológica de Luis Cernuda ; Después de la noticia de su muerte / Jaime Gil de Biedma ; Un poema / Pedro López de Ayala ; La poesía de Vicente Aleixandre / José Luis Cano ; Gloria Fuertes y la tierra / Manuel Vázquez ; Poesía catalana del segle XX / Josep María Castellet y Joaquim Molas
546 ## - NOTA DE IDIOMA
Nota de lengua/lenguaje Textos en español y alemán.
700 1# - ENTRADA AGREGADA--NOMBRE PERSONAL
Nombre de persona Álvarez, Carlos,
Fechas asociadas al nombre 1933-2022
9 (RLIN) 142520
700 1# - ENTRADA AGREGADA--NOMBRE PERSONAL
Nombre de persona Andúgar, Julián.
9 (RLIN) 21683
830 1# - PUNTO DE ACCESO ADICIONAL DE SERIE-TÍTULO UNIFORME
Título uniforme El Bardo (Batlló, José) ;
Designación de volumen o secuencia 11
9 (RLIN) 235922
852 4# - LOCALIZACIÓN
Ubicación ES-MaACL
Número de control de estantería E-13579
Signatura antigua Olim: P-361-Ter
itemnumber 182470
942 ## - ELEMENTOS DE ENTRADA SECUNDARIOS (KOHA)
Fuente del sistema de clasificación o colocación Clasificación decimal universal
Holdings
Estatus retirado Estado de pérdida Estado de daño No para préstamo Biblioteca de origen Biblioteca actual Ubicación en estantería Fecha de adquisición Fuente de adquisición Total de préstamos Signatura topográfica completa Código de barras Visto por última vez Precio de reemplazo Tipo de ítem Koha
        Biblioteca del Ateneo de Madrid Biblioteca del Ateneo de Madrid Depósito 2 18/11/2010     E-13579 1184539 23/02/2023 23/02/2023 Libro impreso